| 000 | 00657nam a2200205 a 4500 | ||
|---|---|---|---|
| 005 | 20240925065141.0 | ||
| 008 | 010518s2000 r 000 0 eng d | ||
| 020 | _a842068709X | ||
| 035 | _aUPN01000106454 | ||
| 049 | _aCG | ||
| 050 | 4 |
_aHM251 _bA7.28a |
|
| 100 | 1 |
_aAronson, Elliot, _d1932- _928755 |
|
| 245 | 1 | 3 |
_aEl animal social / _cElliot Aronson ; tr. de Antonio Escohotado ; rev. de Paloma Gómez a partir de la 8a ed. estadounidense. |
| 260 |
_aMadrid : _bAlianza, _c2000. |
||
| 300 | _a485 p. | ||
| 440 | 3 | _aEl libro universitario | |
| 440 | 0 |
_aManuales. _pPsicología y educación ; _v41 |
|
| 650 | 4 |
_aPsicología social _95889 |
|
| 905 | _aLibro | ||
| 999 |
_c80366 _d80366 |
||